Statistics for Dua Lipa - Future Nostalgia [The Moonlight Edition] (Tracklist)

Click here to take the quiz!

General Stats

  • This quiz has been taken 14 times
  • The average score is 16 of 19

Answer Stats

Answer% Correct
Break My Heart
100%
Love Again
100%
Physical
100%
Boys Will Be Boys
92%
Cool
92%
Don't Start Now
92%
Future Nostalgia
92%
Hallucinate
92%
Levitating
92%
Levitating (Feat. DaBaby)
92%
We're Good
92%
Good In Bed
83%
If It Ain't Me
75%
Not My Problem
75%
Pretty Please
75%
Prisoner
75%
Fever
67%
That Kind Of Woman
67%
One Day
58%

Score Distribution

Percentile by Number Answered

Percent of People with Each Score

Your Score History

You have not taken this quiz